[Event "Team Championship Russia (Blitz, Women)"]
[Site "Sochi"]
[Date "2018.10.10"]
[Round "13.5"]
[White "Suslova, Alena"]
[Black "Sakorenko, Adriana"]
[Result "1-0"]
[BlackElo "1843"]
[WhiteElo "2030"]
[LiveChessVersion "1.4.8"]

1. c4 {[%clk 0:03:03]} e6 {[%clk 0:03:03]} 2. g3 {[%clk 0:03:04]} d5
{[%clk 0:03:05]} 3. Bg2 {[%clk 0:03:05]} Nf6 {[%clk 0:03:06]} 4. Nf3
{[%clk 0:03:05]} dxc4 {[%clk 0:02:43]} 5. Qa4+ {[%clk 0:03:05]} Bd7
{[%clk 0:02:43]} 6. Qxc4 {[%clk 0:03:05]} c5 {[%clk 0:02:42]} 7. a4
{[%clk 0:03:02]} Nc6 {[%clk 0:01:58]} 8. O-O {[%clk 0:02:59]} Be7
{[%clk 0:01:56]} 9. d3 {[%clk 0:02:39]} O-O {[%clk 0:01:55]} 10. Be3
{[%clk 0:02:27]} b6 {[%clk 0:01:33]} 11. Nc3 {[%clk 0:02:14]} Rc8
{[%clk 0:01:33]} 12. Rac1 {[%clk 0:02:01]} Na5 {[%clk 0:01:25]} 13. Qa2
{[%clk 0:02:02]} Bc6 {[%clk 0:01:18]} 14. Rfd1 {[%clk 0:01:44]} Nd5
{[%clk 0:01:19]} 15. Ne5 {[%clk 0:01:32]} Nxc3 {[%clk 0:01:11]} 16. bxc3
{[%clk 0:01:28]} Bxg2 {[%clk 0:01:11]} 17. Kxg2 {[%clk 0:01:29]} Bf6
{[%clk 0:01:02]} 18. Nf3 {[%clk 0:01:23]} Qd5 {[%clk 0:00:34]} 19. Qxd5
{[%clk 0:01:02]} exd5 {[%clk 0:00:36]} 20. d4 {[%clk 0:01:01]} c4
{[%clk 0:00:28]} 21. Bf4 {[%clk 0:01:01]} Rfe8 {[%clk 0:00:27]} 22. Rc2
{[%clk 0:01:01]} Nc6 {[%clk 0:00:18]} 23. h4 {[%clk 0:00:50]} Be7
{[%clk 0:00:17]} 24. Ne5 {[%clk 0:00:45]} f6 {[%clk 0:00:18]} 25. Nxc6
{[%clk 0:00:41]} Rxc6 {[%clk 0:00:19]} 26. f3 {[%clk 0:00:39]} Bd6
{[%clk 0:00:17]} 27. Bxd6 {[%clk 0:00:36]} Rxd6 {[%clk 0:00:19]} 28. Kf2
{[%clk 0:00:34]} Rde6 {[%clk 0:00:19]} 29. Rb1 {[%clk 0:00:34]} Re3
{[%clk 0:00:16]} 30. Rb5 {[%clk 0:00:34]} Kf7 {[%clk 0:00:09]} 31. Rxd5
{[%clk 0:00:34]} R3e6 {[%clk 0:00:05]} 32. e4 {[%clk 0:00:32]} a6
{[%clk 0:00:04]} 33. Rd7+ {[%clk 0:00:31]} R6e7 {[%clk 0:00:05]} 34. Rxe7+
{[%clk 0:00:31]} Rxe7 {[%clk 0:00:06]} 35. Ke3 {[%clk 0:00:31]} Ke6
{[%clk 0:00:06]} 36. Rb2 {[%clk 0:00:32]} Rb7 {[%clk 0:00:07]} 37. d5+
{[%clk 0:00:31]} Kd6 {[%clk 0:00:08]} 38. Kd4 {[%clk 0:00:30]} h6
{[%clk 0:00:08]} 39. Kxc4 {[%clk 0:00:30]} g5 {[%clk 0:00:08]} 40. hxg5
{[%clk 0:00:29]} fxg5 {[%clk 0:00:09]} 41. Kd4 {[%clk 0:00:29]} h5
{[%clk 0:00:09]} 42. e5+ {[%clk 0:00:30]} Ke7 {[%clk 0:00:09]} 43. Rh2
{[%clk 0:00:30]} b5 {[%clk 0:00:09]} 44. axb5 {[%clk 0:00:31]} axb5
{[%clk 0:00:10]} 45. Rxh5 {[%clk 0:00:31]} 1-0

[Event "Team Championship Russia (Blitz, Women)"]
[Site "Sochi"]
[Date "2018.10.10"]
[Round "13.6"]
[White "Zhurova, Anna"]
[Black "Vinokur, Yuliya"]
[Result "0-1"]
[BlackElo "2044"]
[WhiteElo "1714"]
[LiveChessVersion "1.4.8"]

1. e4 {[%clk 0:03:04]} Nf6 {[%clk 0:03:02]} 2. Nc3 {[%clk 0:03:04]} d5
{[%clk 0:03:02]} 3. exd5 {[%clk 0:03:04]} Nxd5 {[%clk 0:03:03]} 4. d4
{[%clk 0:03:06]} c6 {[%clk 0:02:58]} 5. h3 {[%clk 0:03:06]} Bf5 {[%clk 0:02:58]}
6. Nf3 {[%clk 0:03:05]} e6 {[%clk 0:02:58]} 7. Nxd5 {[%clk 0:03:02]} cxd5
{[%clk 0:02:58]} 8. Bd3 {[%clk 0:03:02]} Bg6 {[%clk 0:02:48]} 9. Bf4
{[%clk 0:03:00]} Nc6 {[%clk 0:02:29]} 10. c3 {[%clk 0:03:00]} Qb6
{[%clk 0:02:20]} 11. Bxg6 {[%clk 0:02:55]} hxg6 {[%clk 0:02:19]} 12. Qb3
{[%clk 0:02:54]} Na5 {[%clk 0:01:42]} 13. Qa4+ {[%clk 0:02:47]} Nc6
{[%clk 0:01:37]} 14. Qb3 {[%clk 0:02:49]} Qa6 {[%clk 0:01:33]} 15. a4
{[%clk 0:01:40]} Na5 {[%clk 0:00:52]} 16. Qb5+ {[%clk 0:01:40]} Qxb5
{[%clk 0:00:53]} 17. axb5 {[%clk 0:01:41]} b6 {[%clk 0:00:54]} 18. Nd2
{[%clk 0:01:37]} Be7 {[%clk 0:00:50]} 19. Ke2 {[%clk 0:01:16]} Kd7
{[%clk 0:00:48]} 20. b4 {[%clk 0:01:17]} Nb7 {[%clk 0:00:48]} 21. Kd3
{[%clk 0:01:11]} Bd6 {[%clk 0:00:47]} 22. Be3 {[%clk 0:01:05]} Rhc8
{[%clk 0:00:41]} 23. Ra6 {[%clk 0:01:04]} Rc7 {[%clk 0:00:33]} 24. Rha1
{[%clk 0:01:04]} Nd8 {[%clk 0:00:32]} 25. Bg5 {[%clk 0:01:03]} f6
{[%clk 0:00:30]} 26. Be3 {[%clk 0:01:04]} e5 {[%clk 0:00:28]} 27. Rxb6
{[%clk 0:00:59]} Rac8 {[%clk 0:00:27]} 28. Rba6 {[%clk 0:00:56]} Rxc3+
{[%clk 0:00:28]} 29. Ke2 {[%clk 0:00:56]} Bb8 {[%clk 0:00:26]} 30. b6
{[%clk 0:00:56]} axb6 {[%clk 0:00:25]} 31. Rxb6 {[%clk 0:00:58]} Ne6
{[%clk 0:00:22]} 32. Rb7+ {[%clk 0:00:49]} Kd8 {[%clk 0:00:20]} 33. Ra8
{[%clk 0:00:47]} Bd6 {[%clk 0:00:16]} 34. Rxc8+ {[%clk 0:00:44]} Kxc8
{[%clk 0:00:17]} 35. Rb6 {[%clk 0:00:43]} Kc7 {[%clk 0:00:18]} 36. Ra6
{[%clk 0:00:42]} exd4 {[%clk 0:00:18]} 37. Nb1 {[%clk 0:00:41]} Rb3
{[%clk 0:00:17]} 38. Nd2 {[%clk 0:00:40]} Rxb4 {[%clk 0:00:18]} 39. Ra7+
{[%clk 0:00:36]} Kb6 {[%clk 0:00:18]} 40. Rd7 {[%clk 0:00:36]} Kc6
{[%clk 0:00:19]} 41. Ra7 {[%clk 0:00:29]} dxe3 {[%clk 0:00:20]} 42. fxe3
{[%clk 0:00:30]} Rb2 {[%clk 0:00:21]} 43. Ra6+ {[%clk 0:00:30]} Kd7
{[%clk 0:00:22]} 44. Ra7+ {[%clk 0:00:31]} Nc7 {[%clk 0:00:23]} 45. Kd3
{[%clk 0:00:30]} Kc6 {[%clk 0:00:23]} 46. e4 {[%clk 0:00:24]} Bc5
{[%clk 0:00:23]} 47. exd5+ {[%clk 0:00:24]} Kd7 {[%clk 0:00:22]} 48. g4
{[%clk 0:00:16]} Bxa7 {[%clk 0:00:22]} 49. Nc4 {[%clk 0:00:16]} Rb3+
{[%clk 0:00:23]} 50. Kc2 {[%clk 0:00:18]} Rxh3 {[%clk 0:00:24]} 0-1

[Event "Team Championship Russia (Blitz, Women)"]
[Site "Sochi"]
[Date "2018.10.10"]
[Round "13.9"]
[White "Bodnaruk, Anastasia"]
[Black "Solozhenkina, Elizaveta"]
[Result "0-1"]
[BlackElo "2134"]
[WhiteElo "2358"]
[LiveChessVersion "1.4.8"]

1. e4 {[%clk 0:03:03]} c6 {[%clk 0:03:04]} 2. d4 {[%clk 0:03:04]} d5
{[%clk 0:03:05]} 3. e5 {[%clk 0:03:05]} Bf5 {[%clk 0:03:06]} 4. Nf3
{[%clk 0:03:07]} e6 {[%clk 0:03:08]} 5. Be2 {[%clk 0:03:08]} c5 {[%clk 0:03:09]}
6. O-O {[%clk 0:03:08]} Nc6 {[%clk 0:03:10]} 7. c3 {[%clk 0:03:10]} Bg6
{[%clk 0:03:11]} 8. a3 {[%clk 0:03:11]} cxd4 {[%clk 0:03:08]} 9. cxd4
{[%clk 0:03:12]} Nge7 {[%clk 0:03:09]} 10. b4 {[%clk 0:03:10]} Nc8
{[%clk 0:03:08]} 11. Bb2 {[%clk 0:02:56]} Be7 {[%clk 0:03:07]} 12. Nbd2
{[%clk 0:02:55]} O-O {[%clk 0:02:48]} 13. Rc1 {[%clk 0:02:51]} Nb6
{[%clk 0:02:45]} 14. Nb3 {[%clk 0:02:48]} Na4 {[%clk 0:02:46]} 15. Ba1
{[%clk 0:02:50]} h6 {[%clk 0:01:56]} 16. Ne1 {[%clk 0:02:13]} Rc8
{[%clk 0:01:35]} 17. Nd3 {[%clk 0:01:58]} b6 {[%clk 0:01:00]} 18. Ne1
{[%clk 0:01:33]} a5 {[%clk 0:00:37]} 19. Bb5 {[%clk 0:01:27]} Na7
{[%clk 0:00:29]} 20. Bxa4 {[%clk 0:01:25]} axb4 {[%clk 0:00:26]} 21. axb4
{[%clk 0:01:18]} b5 {[%clk 0:00:27]} 22. Nc5 {[%clk 0:01:11]} Bxc5
{[%clk 0:00:25]} 23. dxc5 {[%clk 0:00:46]} bxa4 {[%clk 0:00:26]} 24. Qxa4
{[%clk 0:00:47]} Nc6 {[%clk 0:00:24]} 25. b5 {[%clk 0:00:40]} Ra8
{[%clk 0:00:25]} 26. Qd1 {[%clk 0:00:31]} Na5 {[%clk 0:00:25]} 27. Bd4
{[%clk 0:00:28]} Nc4 {[%clk 0:00:23]} 28. b6 {[%clk 0:00:16]} Qd7
{[%clk 0:00:20]} 29. Nd3 {[%clk 0:00:15]} Bxd3 {[%clk 0:00:19]} 30. Qxd3
{[%clk 0:00:16]} Ra3 {[%clk 0:00:21]} 31. Qc2 {[%clk 0:00:15]} Rfa8
{[%clk 0:00:19]} 32. Ra1 {[%clk 0:00:13]} Qc6 {[%clk 0:00:08]} 33. h3
{[%clk 0:00:10]} Rxa1 {[%clk 0:00:08]} 34. Rxa1 {[%clk 0:00:10]} Rxa1+
{[%clk 0:00:09]} 35. Bxa1 {[%clk 0:00:11]} Nxb6 {[%clk 0:00:10]} 36. Bd4
{[%clk 0:00:09]} Nc4 {[%clk 0:00:11]} 37. Qa2 {[%clk 0:00:09]} Kh7
{[%clk 0:00:04]} 38. Qb1+ {[%clk 0:00:09]} Kg8 {[%clk 0:00:04]} 39. Qa2
{[%clk 0:00:11]} Kh7 {[%clk 0:00:05]} 40. g3 {[%clk 0:00:09]} Kg8
{[%clk 0:00:06]} 41. Kg2 Kh7 42. h4 {[%clk 0:00:12]} Kg8 {[%clk 0:00:08]} 43. Qb1
{[%clk 0:00:07]} Qc7 {[%clk 0:00:09]} 44. f4 {[%clk 0:00:07]} Qc6
{[%clk 0:00:10]} 45. Qa2 {[%clk 0:00:08]} Kh7 {[%clk 0:00:10]} 46. Kh3
{[%clk 0:00:09]} Kg8 {[%clk 0:00:11]} 47. g4 {[%clk 0:00:10]} Qb7
{[%clk 0:00:10]} 48. Qa4 {[%clk 0:00:09]} Qb1 {[%clk 0:00:09]} 49. Kg2
{[%clk 0:00:06]} Qe4+ {[%clk 0:00:10]} 50. Kf1 {[%clk 0:00:06]} Qxd4
{[%clk 0:00:11]} 51. Qa8+ {[%clk 0:00:07]} Kh7 {[%clk 0:00:12]} 52. c6
{[%clk 0:00:08]} Qxf4+ {[%clk 0:00:11]} 53. Ke2 {[%clk 0:00:09]} Qe3+
{[%clk 0:00:12]} 54. Kf1 {[%clk 0:00:10]} Nd2+ {[%clk 0:00:12]} 55. Kg2
{[%clk 0:00:11]} Qf3+ {[%clk 0:00:13]} 56. Kg1 {[%clk 0:00:12]} Qxg4+ 57. Kf2
Qf3+ {[%clk 0:00:13]} 58. Ke1 {[%clk 0:00:15]} Qe3+ {[%clk 0:00:14]} 59. Kd1
{[%clk 0:00:16]} Ne4 {[%clk 0:00:10]} 60. Kc2 {[%clk 0:00:16]} Qc3+
{[%clk 0:00:11]} 61. Kb1 {[%clk 0:00:17]} Nd2+ {[%clk 0:00:11]} 62. Ka2
{[%clk 0:00:19]} Qb3+ {[%clk 0:00:12]} 63. Ka1 {[%clk 0:00:20]} Qb1#
{[%clk 0:00:14]} 0-1

[Event "Team Championship Russia (Blitz, Women)"]
[Site "Sochi"]
[Date "2018.10.10"]
[Round "13.10"]
[White "Maletina, Tatiana"]
[Black "Ovod, Evgenija"]
[Result "0-1"]
[BlackElo "2172"]
[WhiteElo "2339"]
[LiveChessVersion "1.4.8"]

1. d4 {[%clk 0:03:03]} e6 {[%clk 0:03:03]} 2. c4 {[%clk 0:03:01]} f5
{[%clk 0:03:03]} 3. g3 {[%clk 0:02:59]} Nf6 {[%clk 0:03:04]} 4. Bg2
{[%clk 0:03:00]} d5 {[%clk 0:03:04]} 5. b3 {[%clk 0:02:51]} c6 {[%clk 0:03:05]}
6. Nf3 {[%clk 0:02:50]} Bd6 {[%clk 0:03:03]} 7. O-O {[%clk 0:02:50]} Qe7
{[%clk 0:03:03]} 8. Bf4 {[%clk 0:02:46]} Bxf4 {[%clk 0:03:03]} 9. gxf4
{[%clk 0:02:47]} O-O {[%clk 0:03:04]} 10. Nbd2 {[%clk 0:02:44]} Bd7
{[%clk 0:02:53]} 11. e3 {[%clk 0:02:44]} Be8 {[%clk 0:02:54]} 12. Ne5
{[%clk 0:02:45]} Bh5 {[%clk 0:02:51]} 13. Bf3 {[%clk 0:02:38]} Bxf3
{[%clk 0:02:50]} 14. Qxf3 {[%clk 0:02:36]} Nbd7 {[%clk 0:02:50]} 15. Kh1
{[%clk 0:02:37]} Ne4 {[%clk 0:02:44]} 16. Nxe4 {[%clk 0:02:35]} fxe4
{[%clk 0:02:40]} 17. Qg3 {[%clk 0:02:32]} Nxe5 {[%clk 0:02:38]} 18. dxe5
{[%clk 0:02:28]} Rf7 {[%clk 0:02:31]} 19. Rad1 {[%clk 0:02:24]} Raf8
{[%clk 0:02:30]} 20. Qg4 {[%clk 0:02:06]} Rf5 {[%clk 0:02:23]} 21. Rg1
{[%clk 0:02:07]} Kh8 {[%clk 0:02:20]} 22. cxd5 {[%clk 0:02:01]} exd5
{[%clk 0:02:17]} 23. Rg2 {[%clk 0:01:46]} g6 {[%clk 0:02:17]} 24. Qe2
{[%clk 0:01:39]} a6 25. f3 {[%clk 0:01:30]} exf3 {[%clk 0:02:08]} 26. Qxf3
{[%clk 0:01:31]} Rxe5 {[%clk 0:02:06]} 27. Re1 {[%clk 0:01:24]} Re4
{[%clk 0:01:58]} 28. Rge2 {[%clk 0:01:06]} Qf6 {[%clk 0:01:51]} 29. Qg4
{[%clk 0:01:02]} Qf5 {[%clk 0:01:45]} 30. Qh4 {[%clk 0:01:03]} Rfe8
{[%clk 0:01:39]} 31. Qg3 {[%clk 0:00:47]} d4 {[%clk 0:01:36]} 32. Qf3
{[%clk 0:00:43]} d3 {[%clk 0:01:18]} 33. Rf2 {[%clk 0:00:38]} Qd5
{[%clk 0:01:06]} 34. Kg2 {[%clk 0:00:39]} Rxe3 {[%clk 0:01:00]} 35. Rxe3
{[%clk 0:00:40]} Rxe3 {[%clk 0:01:01]} 36. Qxd5 {[%clk 0:00:40]} cxd5
{[%clk 0:01:03]} 37. Kf1 {[%clk 0:00:40]} Kg7 {[%clk 0:01:00]} 38. Rd2
{[%clk 0:00:41]} Kf6 {[%clk 0:00:59]} 39. Rd1 {[%clk 0:00:36]} Kf5
{[%clk 0:00:58]} 40. Kf2 {[%clk 0:00:38]} Kxf4 {[%clk 0:00:56]} 41. a4
{[%clk 0:00:35]} Re2+ {[%clk 0:00:54]} 42. Kf1 {[%clk 0:00:37]} Ke3
{[%clk 0:00:55]} 43. h4 {[%clk 0:00:38]} d2 {[%clk 0:00:54]} 44. Rb1
{[%clk 0:00:37]} Rh2 {[%clk 0:00:47]} 45. Kg1 {[%clk 0:00:39]} Rxh4
{[%clk 0:00:47]} 46. Kg2 {[%clk 0:00:37]} Ke2 {[%clk 0:00:47]} 47. Kg3
{[%clk 0:00:38]} 0-1

[Event "Team Championship Russia (Blitz, Women)"]
[Site "Sochi"]
[Date "2018.10.10"]
[Round "13.11"]
[White "Belenkaya, Dina"]
[Black "Potapova, Margarita"]
[Result "0-1"]
[BlackElo "2099"]
[WhiteElo "2164"]
[LiveChessVersion "1.4.8"]

1. e4 {[%clk 0:03:03]} e5 {[%clk 0:03:03]} 2. Nf3 {[%clk 0:03:04]} Nc6
{[%clk 0:03:05]} 3. Nc3 {[%clk 0:03:05]} Nf6 {[%clk 0:03:06]} 4. d4
{[%clk 0:03:06]} exd4 {[%clk 0:03:07]} 5. Nxd4 {[%clk 0:03:07]} Bb4
{[%clk 0:03:06]} 6. Nxc6 {[%clk 0:03:08]} bxc6 {[%clk 0:03:07]} 7. Bd3
{[%clk 0:03:09]} O-O {[%clk 0:03:07]} 8. O-O {[%clk 0:03:09]} d5 {[%clk 0:03:08]}
9. exd5 {[%clk 0:03:09]} cxd5 {[%clk 0:03:08]} 10. Bg5 {[%clk 0:03:10]} c6
{[%clk 0:03:08]} 11. Qf3 {[%clk 0:03:10]} Be7 {[%clk 0:03:05]} 12. h3
{[%clk 0:02:58]} h6 {[%clk 0:03:01]} 13. Bf4 {[%clk 0:02:59]} Bd6
{[%clk 0:03:02]} 14. Ne2 {[%clk 0:02:59]} Rb8 {[%clk 0:03:00]} 15. b3
{[%clk 0:02:59]} c5 {[%clk 0:02:12]} 16. Rad1 {[%clk 0:02:59]} Bb7
{[%clk 0:02:11]} 17. Bxd6 {[%clk 0:02:43]} Qxd6 {[%clk 0:02:12]} 18. Nf4
{[%clk 0:01:52]} d4 {[%clk 0:02:05]} 19. Qg3 {[%clk 0:01:53]} Ne4
{[%clk 0:01:20]} 20. Bxe4 {[%clk 0:01:33]} Bxe4 {[%clk 0:01:22]} 21. Rd2
{[%clk 0:01:10]} Rbe8 {[%clk 0:01:17]} 22. Re1 {[%clk 0:00:46]} Bf5
{[%clk 0:01:12]} 23. Rde2 {[%clk 0:00:43]} Rd8 {[%clk 0:01:02]} 24. Re5
{[%clk 0:00:40]} Bxc2 {[%clk 0:00:51]} 25. Nd3 {[%clk 0:00:23]} Qg6
{[%clk 0:00:38]} 26. Qxg6 {[%clk 0:00:07]} fxg6 {[%clk 0:00:39]} 27. Nb2
{[%clk 0:00:04]} d3 {[%clk 0:00:35]} 28. Nd1 {[%clk 0:00:03]} d2 {[%clk 0:00:32]}
29. Rf1 {[%clk 0:00:05]} Bd3 {[%clk 0:00:32]} 30. Rxc5 {[%clk 0:00:05]} Rc8
{[%clk 0:00:29]} 31. Rd5 {[%clk 0:00:04]} Bxf1 {[%clk 0:00:25]} 32. Kxf1
{[%clk 0:00:06]} Rc2 {[%clk 0:00:22]} 33. a4 {[%clk 0:00:07]} Re8
{[%clk 0:00:19]} 34. Ne3 {[%clk 0:00:07]} Rb2 {[%clk 0:00:14]} 35. Ke2
{[%clk 0:00:07]} d1=Q+ {[%clk 0:00:11]} 36. Kxd1 {[%clk 0:00:07]} Rxf2
{[%clk 0:00:12]} 37. Rd3 Rb2 {[%clk 0:00:10]} 38. g4 {[%clk 0:00:04]} Rf8
{[%clk 0:00:09]} 39. Kc1 {[%clk 0:00:04]} Rh2 {[%clk 0:00:09]} 40. Nd1
{[%clk 0:00:04]} Rc8+ {[%clk 0:00:08]} 41. Kb1 {[%clk 0:00:05]} h5
{[%clk 0:00:07]} 42. Nc3 {[%clk 0:00:04]} Rf8 {[%clk 0:00:07]} 43. Nd1
{[%clk 0:00:04]} hxg4 {[%clk 0:00:07]} 44. hxg4 {[%clk 0:00:05]} Rf1
{[%clk 0:00:09]} 45. Rd8+ {[%clk 0:00:05]} Kf7 {[%clk 0:00:10]} 46. Rd7+
{[%clk 0:00:05]} Kf8 {[%clk 0:00:11]} 47. Rd8+ {[%clk 0:00:06]} Ke7
{[%clk 0:00:12]} 48. Rd3 {[%clk 0:00:07]} Rhh1 {[%clk 0:00:12]} 49. Kc2
{[%clk 0:00:08]} Rh2+ {[%clk 0:00:13]} 50. Kc3 {[%clk 0:00:09]} Rg1
{[%clk 0:00:12]} 51. Ne3 {[%clk 0:00:10]} Ke8 {[%clk 0:00:07]} 52. Kd4
{[%clk 0:00:11]} Rg3 {[%clk 0:00:07]} 53. Rc3 {[%clk 0:00:04]} Kd7
{[%clk 0:00:07]} 54. Ke4 {[%clk 0:00:05]} Rhh3 {[%clk 0:00:07]} 55. Kd4
{[%clk 0:00:04]} g5 {[%clk 0:00:07]} 56. Ke4 {[%clk 0:00:04]} Rf3
{[%clk 0:00:07]} 57. Rd3+ {[%clk 0:00:04]} Ke8 {[%clk 0:00:09]} 58. Rc3
{[%clk 0:00:05]} Rf4+ {[%clk 0:00:10]} 59. Ke5 {[%clk 0:00:06]} Rff3
{[%clk 0:00:10]} 60. Ke4 {[%clk 0:00:07]} Rf4+ {[%clk 0:00:12]} 61. Ke5
{[%clk 0:00:08]} Rff3 {[%clk 0:00:13]} 62. Ke4 {[%clk 0:00:10]} Rf6
{[%clk 0:00:13]} 63. Rd3 {[%clk 0:00:09]} Re6+ {[%clk 0:00:13]} 64. Kd4
{[%clk 0:00:10]} Rd6+ {[%clk 0:00:14]} 65. Kc4 {[%clk 0:00:11]} Re6
{[%clk 0:00:15]} 66. Nf5 {[%clk 0:00:10]} Re4+ {[%clk 0:00:13]} 67. Kc3
{[%clk 0:00:10]} Rxd3+ {[%clk 0:00:14]} 68. Kxd3 {[%clk 0:00:11]} Rxg4
{[%clk 0:00:16]} 69. Nxg7+ {[%clk 0:00:11]} Kf7 {[%clk 0:00:17]} 70. Nf5
{[%clk 0:00:12]} Kf6 {[%clk 0:00:17]} 71. Nd6 {[%clk 0:00:13]} Rg3+
{[%clk 0:00:17]} 72. Kc4 {[%clk 0:00:13]} Ke5 {[%clk 0:00:17]} 73. Nb5
{[%clk 0:00:11]} a6 {[%clk 0:00:17]} 74. Nc7 {[%clk 0:00:12]} a5 {[%clk 0:00:15]}
75. b4 {[%clk 0:00:08]} Rg4+ {[%clk 0:00:15]} 76. Kc5 {[%clk 0:00:09]} Rxb4
{[%clk 0:00:15]} 77. Nb5 {[%clk 0:00:08]} Rxa4 {[%clk 0:00:15]} 78. Nc3
{[%clk 0:00:09]} Rb4 {[%clk 0:00:14]} 79. Kc6 {[%clk 0:00:09]} g4
{[%clk 0:00:14]} 80. Ne2 {[%clk 0:00:10]} Rb3 {[%clk 0:00:12]} 81. Kc5
{[%clk 0:00:11]} g3 {[%clk 0:00:12]} 82. Kc4 {[%clk 0:00:12]} Re3
{[%clk 0:00:13]} 83. Ng1 {[%clk 0:00:12]} g2 {[%clk 0:00:13]} 84. Kb5 Rb3+
{[%clk 0:00:10]} 85. Kxa5 {[%clk 0:00:13]} Rb1 {[%clk 0:00:11]} 86. Nh3
{[%clk 0:00:13]} g1=Q {[%clk 0:00:11]} 0-1

[Event "Team Championship Russia (Blitz, Women)"]
[Site "Sochi"]
[Date "2018.10.10"]
[Round "13.12"]
[White "Faizutdinova, Diana"]
[Black "Styazhkina, Anna"]
[Result "0-1"]
[BlackElo "2128"]
[WhiteElo "1940"]
[LiveChessVersion "1.4.8"]

1. c4 {[%clk 0:03:02]} e5 {[%clk 0:03:03]} 2. Nf3 {[%clk 0:03:02]} Nc6
{[%clk 0:03:03]} 3. d4 {[%clk 0:03:01]} exd4 {[%clk 0:02:58]} 4. Nxd4
{[%clk 0:03:03]} Bb4+ {[%clk 0:02:55]} 5. Bd2 {[%clk 0:03:04]} Bxd2+
{[%clk 0:02:50]} 6. Qxd2 {[%clk 0:03:04]} Nf6 {[%clk 0:02:49]} 7. g3
{[%clk 0:02:58]} O-O {[%clk 0:02:15]} 8. Bg2 {[%clk 0:02:58]} Qe7
{[%clk 0:01:44]} 9. Nxc6 {[%clk 0:02:49]} dxc6 {[%clk 0:01:45]} 10. O-O
{[%clk 0:02:47]} Bf5 {[%clk 0:01:36]} 11. Nc3 {[%clk 0:02:37]} Rad8
{[%clk 0:01:35]} 12. Qf4 {[%clk 0:02:36]} Bg6 {[%clk 0:01:36]} 13. Rad1
{[%clk 0:02:07]} h6 {[%clk 0:01:36]} 14. b3 {[%clk 0:01:56]} Rd6 {[%clk 0:00:42]}
15. Rxd6 {[%clk 0:01:52]} cxd6 {[%clk 0:00:43]} 16. Rd1 {[%clk 0:01:52]} Rd8
{[%clk 0:00:42]} 17. e4 {[%clk 0:01:45]} Ne8 {[%clk 0:00:34]} 18. Qe3
{[%clk 0:01:36]} a6 {[%clk 0:00:23]} 19. Qb6 {[%clk 0:01:33]} Rd7
{[%clk 0:00:22]} 20. Qd4 {[%clk 0:01:23]} Nc7 {[%clk 0:00:22]} 21. e5
{[%clk 0:01:16]} Ne8 {[%clk 0:00:19]} 22. f4 {[%clk 0:01:06]} Bf5
{[%clk 0:00:16]} 23. Qe3 {[%clk 0:00:26]} dxe5 {[%clk 0:00:15]} 24. Rxd7
{[%clk 0:00:26]} Qxd7 {[%clk 0:00:15]} 25. Qxe5 {[%clk 0:00:25]} Nf6
{[%clk 0:00:16]} 26. h3 {[%clk 0:00:16]} Bxh3 {[%clk 0:00:15]} 27. Ne4
{[%clk 0:00:11]} Qd1+ {[%clk 0:00:10]} 28. Kh2 {[%clk 0:00:12]} Ng4+
{[%clk 0:00:11]} 0-1